01216 2200409 4500001002100000005001500021035002000036245008300056250001000139300003200149006001800181007000300199008004100202264002800243336002100271337003000292338002300322082001500345650001000360700004000370700003500410100002700445084002100472500005800493020002200551990002100573990002100594990002100615990002100636990002100657990002100678990002100699990002200720990002000742990002200762990002200784INLIS00000000000528620260514114305 a0010-02220003761 aWanita dan Masjid /cJasser Auda ;editor, Nur Laily Nusroh;Penerjemah, Rosidin aCet.1 av,133 hlm. :bilus. ;c21cma ta260514 0  aJakarta :bAmzah,c2015 2rdacontentaTeks 2rdamediaaTanpa Perantara 2rdacarrieraVolume a297.615.22 4aAgama aeditor, Nur Laily NusrohePengarang aPenerjemah, RosidinePengarang0 aJasser AudaePengarang a297.615.22 JAS w aBiodata Penulis, hlm 131, Biodata Penerjemah, hlm 133 a978-602-0875-03-3 a26448/H/DPK/2017 a26446/H/DPK/2017 a26447/H/DPK/2017 a26450/H/DPK/2017 a26452/H/DPK/2017 a26453/H/DPK/2017 a26451/H/DPK/2017 a26.445/H/DPK/2018 a26.449/DPK/2017 a26.444/H/DPK/2018 a26.443/H/DPK/2018